Normal view
MARC view
Entry Personal Name
001 - CONTROL NUMBER
- control field: 16012
003 - CONTROL NUMBER IDENTIFIER
- control field: BD-RjUL
005 - DATE AND TIME OF LATEST TRANSACTION
- control field: 20250714101116.0
008 - FIXED-LENGTH DATA ELEMENTS
- fixed length control field: 250714|| aca||aabn | a|a d
040 ## - CATALOGING SOURCE
- Original cataloging agency: BD-RjUL
- Transcribing agency: BD-RjUL
100 ## - HEADING--PERSONAL NAME
- Personal name: Khan, Tanvir Mosharof
670 ## - SOURCE DATA FOUND
- Source citation: Work cat.: (BD-RjUL)85177: Khan, Tanvir Mosharof , Transforming social safety-nets into adaptive social protection for disaster risk reduction in coastal Bangladesh /, 2024